000 00561pam a2200205 a 4500
020 _c
040 _aMedical College Libr
041 _aENG
_hENG
082 _a616.44
_bBRA
100 _aBraverman , L. V. .
245 _aWerner & Ingbar`s The Thyroid A Fundamontal & Clinical Text /
_c
_hTextual Documents
250 _a7th /
_b.
260 _a :
_bLippincott-Raven ,
_c1996.
300 _a386 ;
_c
365 _a11,090.00
653 _aMedicine
_aMedical Science
930 _a633
999 _c633
_d633